[Event "Titled Tuesday intern op 16th Apr Early"]
[Site "Chess.com INT"]
[Date "2024.04.16"]
[Round "5"]
[White "Ivanov, Aleksandr Y"]
[Black "Herman, Daniel"]
[Result "0-1"]
[WhiteElo "2068"]
[BlackElo "1968"]
[PlyCount "144"]
[EventDate "2024.04.16"]
[EventType "swiss (blitz)"]
[EventRounds "11"]
[EventCountry "USA"]
[SourceTitle "CB17_2024"]
[SourceDate "2024.04.24"]
[SourceVersion "1"]
[SourceVersionDate "2024.04.24"]
[SourceQuality "1"]

1. d4 Nf6 2. c4 g6 3. Nc3 d5 4. cxd5 Nxd5 5. e4 Nxc3 6. bxc3 Bg7 7. Nf3 0-0 8. Be2 c5 9. 0-0 b6 10. Be3 Bb7 11. d5 Bxc3 12. Rc1 Bg7 13. Qc2 e6 14. Rfd1 exd5 15. exd5 Nd7 16. Bg5 Qc7 17. Bb5 a6 18. d6 Qc8 19. Bc4 Bxf3 20. gxf3 Ne5 21. Bd5 Qh3 22. Qe4 Rad8 23. Bxd8 Rxd8 24. f4 Ng4 25. Qg2 Qh4 26. Bf3 Nh6 27. d7 Qxf4 28. Rd5 Qxc1+ 29. Rd1 Qf4 30. Bc6 Nf5 31. Qd5 Bd4 32. Qe4 Qxe4 33. Bxe4 Rxd7 34. Bxf5 gxf5 35. Kg2 Kg7 36. Kf3 Kf6 37. Rg1 Re7 38. Rg8 c4 39. Rc8 Bc5 40. Rc6+ Kg5 41. h4+ Kxh4 42. Rh6+ Kg5 43. Rxh7 c3 44. Rh1 c2 45. Rc1 Re6 46. Rxc2 Kf6 47. Rd2 Re5 48. Rd8 Re6 49. Ra8 b5 50. Rc8 Bd4 51. a4 bxa4 52. Rc4 Be5 53. Rxa4 Rb6 54. Ra5 Ke6 55. Kg2 f6 56. Kf3 f4 57. Kg4 f5+ 58. Kf3 Kf6 59. Kg2 f3+ 60. Kxf3 Rb3+ 61. Kg2 Rb6 62. Kf3 Bd4 63. Ra4 Bc5 64. Ra5 Bd6 65. Rd5 Ke6 66. Ra5 Kd7 67. Rxf5 Kc6 68. Ra5 Kb7 69. Ke4 Bc7 70. Ra3 Rb4+ 71. Kd5 a5 72. f3 Kb6 0-1

[Event "Titled Tuesday intern op 16th Apr Late"]
[Site "Chess.com INT"]
[Date "2024.04.16"]
[Round "5"]
[White "Ivanov, Aleksandr Y"]
[Black "Jimenez Salas, Maria Teresa"]
[Result "1-0"]
[WhiteElo "2068"]
[BlackElo "1946"]
[PlyCount "59"]
[EventDate "2024.04.16"]
[EventType "swiss (blitz)"]
[EventRounds "11"]
[EventCountry "USA"]
[SourceTitle "CB17_2024"]
[SourceDate "2024.04.24"]
[SourceVersion "1"]
[SourceVersionDate "2024.04.24"]
[SourceQuality "1"]

1. d4 d5 2. c4 c6 3. cxd5 cxd5 4. Bf4 Nc6 5. e3 Nf6 6. Nc3 a6 7. Bd3 h6 8. h3 e6 9. Rc1 Be7 10. Nf3 0-0 11. 0-0 Bd7 12. Na4 Nb4 13. Bb1 Qa5 14. Nc5 Bb5 15. Re1 Bc6 16. a3 Bxc5 17. Rxc5 Qb6 18. axb4 Qxb4 19. Qd2 Qb6 20. Rec1 a5 21. Ne5 Rfc8 22. Qc3 Ra6 23. Bd3 Ra7 24. Nxc6 bxc6 25. Rxc6 Rxc6 26. Qxc6 Qd8 27. Qc8 Qe8 28. Qxe8+ Nxe8 29. Rc8 Kf8 30. Bd6+ 1-0

[Event "Titled Tuesday intern op 16th Apr Late"]
[Site "Chess.com INT"]
[Date "2024.04.16"]
[Round "6"]
[White "Ivanov, Aleksandr Y"]
[Black "Khakhinov, Ilya"]
[Result "0-1"]
[WhiteElo "2068"]
[BlackElo "2236"]
[PlyCount "106"]
[EventDate "2024.04.16"]
[EventType "swiss (blitz)"]
[EventRounds "11"]
[EventCountry "USA"]
[SourceTitle "CB17_2024"]
[SourceDate "2024.04.24"]
[SourceVersion "1"]
[SourceVersionDate "2024.04.24"]
[SourceQuality "1"]

1. d4 d5 2. c4 dxc4 3. Nf3 a6 4. e3 Nf6 5. Bxc4 e6 6. 0-0 c5 7. a4 Nc6 8. Nc3 Be7 9. Re1 0-0 10. h3 b6 11. Qe2 cxd4 12. Rd1 Bb7 13. exd4 Nb4 14. Bf4 Nfd5 15. Bg3 Rc8 16. Rac1 h6 17. Ne5 Bg5 18. Ra1 Bf6 19. Ne4 Be7 20. Bb3 Nf6 21. Nc3 Nfd5 22. Ne4 Nf6 23. Nc3 Re8 24. Rac1 Nfd5 25. Ne4 Rxc1 26. Rxc1 Nf6 27. Nxf6+ Bxf6 28. Rd1 Qe7 29. Qd2 Rd8 30. Bf4 a5 31. Bc4 Nc6 32. Qd3 Rxd4 33. Nxc6 Bxc6 34. Qe2 Rxf4 35. b3 Rd4 36. Rc1 e5 37. Bb5 Bxb5 38. Qxb5 Qd6 39. Qa6 Kh7 40. Re1 e4 41. Qb5 Rd1 42. Qf5+ g6 43. Qxe4 Rxe1+ 44. Qxe1 Qd5 45. Qe3 Bd4 46. Qf4 Bc5 47. Qg3 Qe4 48. Kh2 Qc2 49. Qf3 Qf5 50. Qc3 Bxf2 51. Qc7 Be3 52. Kh1 Qf1+ 53. Kh2 Bf4+ 0-1

[Event "Titled Tuesday intern op 16th Apr Early"]
[Site "Chess.com INT"]
[Date "2024.04.16"]
[Round "8"]
[White "Ivanov, Aleksandr Y"]
[Black "Kukreja, Sankalp"]
[Result "0-1"]
[WhiteElo "2068"]
[BlackElo "2158"]
[PlyCount "94"]
[EventDate "2024.04.16"]
[EventType "swiss (blitz)"]
[EventRounds "11"]
[EventCountry "USA"]
[SourceTitle "CB17_2024"]
[SourceDate "2024.04.24"]
[SourceVersion "1"]
[SourceVersionDate "2024.04.24"]
[SourceQuality "1"]

1. d4 d5 2. c4 c6 3. cxd5 cxd5 4. Bf4 Nf6 5. e3 Nc6 6. Nc3 Bf5 7. Qb3 Na5 8. Qa4+ Bd7 9. Qc2 e6 10. Bd3 Rc8 11. h3 Bb4 12. Nge2 0-0 13. 0-0 a6 14. Rfc1 Qe7 15. Qd1 Nc4 16. Rab1 b5 17. a4 Bd6 18. axb5 axb5 19. Ra1 Bxf4 20. Nxf4 Ra8 21. Qe2 b4 22. Nd1 Bb5 23. b3 Rxa1 24. Rxa1 Rc8 25. bxc4 dxc4 26. Bc2 b3 27. Bxb3 Qb4 28. Bc2 c3 29. Bd3 c2 30. Nb2 c1Q+ 31. Rxc1 Rxc1+ 32. Kh2 Rb1 33. Bxb5 Rxb2 34. Qf3 Qxb5 35. Qa8+ Qb8 36. Qf3 g5 37. g3 gxf4 38. gxf4 Qb5 39. Qg2+ Kf8 40. Qa8+ Ke7 41. Qa3+ Qb4 42. Qa7+ Qb7 43. Qc5+ Ke8 44. Qg5 Rxf2+ 45. Kg3 Rg2+ 46. Kh4 Rxg5 47. fxg5 Qe4+ 0-1

[Event "Titled Tuesday intern op 16th Apr Early"]
[Site "Chess.com INT"]
[Date "2024.04.16"]
[Round "4"]
[White "Lymar, Vladislav"]
[Black "Ivanov, Aleksandr Y"]
[Result "1-0"]
[WhiteElo "2179"]
[BlackElo "2068"]
[PlyCount "63"]
[EventDate "2024.04.16"]
[EventType "swiss (blitz)"]
[EventRounds "11"]
[EventCountry "USA"]
[SourceTitle "CB17_2024"]
[SourceDate "2024.04.24"]
[SourceVersion "1"]
[SourceVersionDate "2024.04.24"]
[SourceQuality "1"]

1. d4 d5 2. c4 e6 3. cxd5 exd5 4. Bf4 c6 5. e3 Bf5 6. Nc3 Nf6 7. Nge2 Be7 8. Ng3 Bg6 9. h4 h6 10. h5 Bh7 11. Bd3 Bxd3 12. Qxd3 0-0 13. Nf5 Nbd7 14. g4 Ne4 15. Nxe4 dxe4 16. Qxe4 Re8 17. Qc2 Bb4+ 18. Kf1 Nf6 19. g5 Ne4 20. gxh6 Qd5 21. Nxg7 Ng3+ 22. Bxg3 Qxh1+ 23. Ke2 Qxa1 24. Nf5 Qe1+ 25. Kf3 Qh1+ 26. Ke2 Qxh5+ 27. Kf1 Qh1+ 28. Ke2 Rad8 29. Qb3 Qe1+ 30. Kf3 a5 31. h7+ Kxh7 32. Qxf7+ 1-0

[Event "Titled Tuesday intern op 02nd Apr Early"]
[Site "Chess.com INT"]
[Date "2024.04.02"]
[Round "4"]
[White "Jakubowska, Anna"]
[Black "Ivanov, Aleksandr Y"]
[Result "1-0"]
[WhiteElo "2139"]
[BlackElo "2068"]
[PlyCount "41"]
[EventDate "2024.04.02"]
[EventType "swiss (blitz)"]
[EventRounds "11"]
[EventCountry "USA"]
[SourceTitle "CB15_2024"]
[SourceDate "2024.04.10"]
[SourceVersion "1"]
[SourceVersionDate "2024.04.10"]
[SourceQuality "1"]

1. e4 e6 2. d4 d5 3. Nc3 Bb4 4. Nge2 dxe4 5. a3 Be7 6. Nxe4 Nf6 7. N2g3 Nbd7 8. Bd3 0-0 9. 0-0 c5 10. Nxc5 Nxc5 11. dxc5 Bxc5 12. Bg5 Be7 13. Qf3 h6 14. Bxf6 Bxf6 15. Rad1 Qa5 16. c3 e5 17. Nh5 Bg5 18. Qg3 Qa4 19. b4 f5 20. Qxe5 Qc6 21. Qxg7# 1-0

[Event "Titled Tuesday intern op 02nd Apr Late"]
[Site "Chess.com INT"]
[Date "2024.04.02"]
[Round "11"]
[White "Veiga, Jose Francisco RP"]
[Black "Ivanov, Aleksandr Y"]
[Result "1-0"]
[WhiteElo "2378"]
[BlackElo "2068"]
[PlyCount "87"]
[EventDate "2024.04.02"]
[EventType "swiss (blitz)"]
[EventRounds "11"]
[EventCountry "USA"]
[SourceTitle "CB15_2024"]
[SourceDate "2024.04.10"]
[SourceVersion "1"]
[SourceVersionDate "2024.04.10"]
[SourceQuality "1"]

1. e4 e6 2. d4 d5 3. Nc3 Bb4 4. e5 Ne7 5. a3 Bxc3+ 6. bxc3 b6 7. Qg4 Ng6 8. h4 h5 9. Qg3 Ba6 10. Bxa6 Nxa6 11. Nf3 Nb8 12. Bg5 Qd7 13. a4 Nc6 14. 0-0 Na5 15. Nd2 Qc6 16. f4 Qd7 17. Rf2 Ne7 18. Bxe7 Qxe7 19. f5 0-0-0 20. Raf1 Rdf8 21. Qh3 Kd7 22. f6 gxf6 23. Rxf6 Nc6 24. c4 dxc4 25. d5 Qc5+ 26. Kh1 Qxd5 27. Nf3 Kc8 28. Ng5 Kb7 29. Nxf7 Rxf7 30. Rxf7 Nxe5 31. Rg7 Ng4 32. Qf3 Re8 33. Qxd5+ exd5 34. Kg1 d4 35. Rd1 Rd8 36. Kf1 Kc6 37. Ke2 Kc5 38. Rg5+ Kb4 39. Rxh5 c5 40. Rg5 Ne3 41. Rd2 Kc3 42. h5 Re8 43. h6 Nxc2+ 44. Kd1 1-0

[Event "Titled Tuesday intern op 12th Mar Early"]
[Site "Chess.com INT"]
[Date "2024.03.12"]
[Round "6"]
[White "Fernandez, Maria Florencia"]
[Black "Ivanov, Aleksandr Y"]
[Result "1-0"]
[WhiteElo "2091"]
[BlackElo "2068"]
[PlyCount "67"]
[EventDate "2024.03.12"]
[EventType "swiss (blitz)"]
[EventRounds "11"]
[EventCountry "USA"]
[SourceTitle "CB12_2024"]
[SourceDate "2023.10.01"]
[SourceVersion "1"]
[SourceVersionDate "2023.10.01"]
[SourceQuality "1"]

1. d4 d5 2. c4 e6 3. Nc3 c6 4. Nf3 dxc4 5. e4 b5 6. Be2 Bb7 7. 0-0 Nd7 8. e5 h6 9. a4 a6 10. Ne4 c5 11. Nd6+ Bxd6 12. exd6 Ngf6 13. Be3 Rc8 14. axb5 axb5 15. b3 cxd4 16. Nxd4 0-0 17. Nxb5 cxb3 18. Qxb3 Nd5 19. Bd4 Nc5 20. Qb2 Qg5 21. g3 Nf4 22. f3 Nxe2+ 23. Qxe2 Nb3 24. Be3 Qe5 25. Rab1 Rc3 26. Nxc3 Qxc3 27. Bf2 Bd5 28. Rfd1 Rd8 29. Qd3 Qxd3 30. Rxd3 Na5 31. Bb6 Ra8 32. Ra1 Nc4 33. Rxa8+ Bxa8 34. d7 1-0

[Event "Titled Tuesday intern op 12th Mar Late"]
[Site "Chess.com INT"]
[Date "2024.03.12"]
[Round "1"]
[White "Ivanov, Aleksandr Y"]
[Black "Bagrationi, Alexander"]
[Result "0-1"]
[WhiteElo "2068"]
[BlackElo "2439"]
[PlyCount "30"]
[EventDate "2024.03.12"]
[EventType "swiss (blitz)"]
[EventRounds "11"]
[EventCountry "USA"]
[SourceTitle "CB12_2024"]
[SourceDate "2023.10.01"]
[SourceVersion "1"]
[SourceVersionDate "2023.10.01"]
[SourceQuality "1"]

1. d4 e6 2. c4 d5 3. Nc3 c5 4. cxd5 cxd4 5. Qxd4 Nc6 6. Qd1 exd5 7. Qxd5 Qc7 8. a3 Nf6 9. Qd1 Bf5 10. Be3 Rd8 11. Qa4 Be7 12. Nf3 0-0 13. g3 Ng4 14. Bc1 Bc5 15. Qf4 Bxf2# 0-1

[Event "Titled Tuesday intern op 12th Mar Early"]
[Site "Chess.com INT"]
[Date "2024.03.12"]
[Round "2"]
[White "Ivanov, Aleksandr Y"]
[Black "Guzman, Christopher"]
[Result "0-1"]
[WhiteElo "2068"]
[BlackElo "2239"]
[PlyCount "56"]
[EventDate "2024.03.12"]
[EventType "swiss (blitz)"]
[EventRounds "11"]
[EventCountry "USA"]
[SourceTitle "CB12_2024"]
[SourceDate "2023.10.01"]
[SourceVersion "1"]
[SourceVersionDate "2023.10.01"]
[SourceQuality "1"]

1. d4 Nf6 2. c4 e6 3. Nc3 Bb4 4. Qc2 0-0 5. a3 Bxc3+ 6. Qxc3 b6 7. Nf3 Bb7 8. Bg5 h6 9. Bh4 d6 10. e3 a5 11. Bd3 a4 12. e4 g5 13. Nxg5 hxg5 14. Bxg5 Nd5 15. cxd5 Qxg5 16. 0-0 exd5 17. Qxc7 Ba6 18. Rad1 dxe4 19. Bxe4 d5 20. f4 Qd8 21. Qe5 Bxf1 22. Bxd5 Nd7 23. Qf5 Qf6 24. Qxd7 Be2 25. Rd2 Rad8 26. Qb7 Qxf4 27. Rxe2 Qxd4+ 28. Kf1 Rxd5 0-1

[Event "Titled Tuesday intern op 12th Mar Late"]
[Site "Chess.com INT"]
[Date "2024.03.12"]
[Round "6"]
[White "Ivanov, Aleksandr Y"]
[Black "Smith, Garrett L"]
[Result "0-1"]
[WhiteElo "2068"]
[BlackElo "2029"]
[PlyCount "76"]
[EventDate "2024.03.12"]
[EventType "swiss (blitz)"]
[EventRounds "11"]
[EventCountry "USA"]
[SourceTitle "CB12_2024"]
[SourceDate "2023.10.01"]
[SourceVersion "1"]
[SourceVersionDate "2023.10.01"]
[SourceQuality "1"]

1. d4 Nf6 2. c4 g6 3. Nc3 d5 4. cxd5 Nxd5 5. e4 Nxc3 6. bxc3 Bg7 7. Nf3 c5 8. Be3 Qa5 9. Qd2 Nd7 10. Rc1 Nf6 11. e5 Ng4 12. Be2 Nxe3 13. fxe3 Bf5 14. 0-0 0-0 15. d5 Bg4 16. d6 exd6 17. exd6 Rad8 18. Rfd1 Bh6 19. Ne5 Bxe2 20. Qxe2 Rfe8 21. Nc4 Qa6 22. d7 Rxe3 23. Qg4 Re6 24. Qh4 g5 25. Qg3 Qc6 26. Ne5 Qc7 27. Rd5 Bg7 28. Re1 h6 29. h4 f6 30. hxg5 hxg5 31. Qg4 Rxe5 32. Rdxe5 fxe5 33. Qe6+ Kh7 34. Rd1 Qc6 35. Rd6 Qe4 36. Qe7 Qe1+ 37. Kh2 Qh4+ 38. Kg1 Rf8 0-1

[Event "Titled Tuesday intern op 12th Mar Late"]
[Site "Chess.com INT"]
[Date "2024.03.12"]
[Round "4"]
[White "Shevchuk, Olexandr"]
[Black "Ivanov, Aleksandr Y"]
[Result "0-1"]
[WhiteElo "2093"]
[BlackElo "2068"]
[PlyCount "60"]
[EventDate "2024.03.12"]
[EventType "swiss (blitz)"]
[EventRounds "11"]
[EventCountry "USA"]
[SourceTitle "CB12_2024"]
[SourceDate "2023.10.01"]
[SourceVersion "1"]
[SourceVersionDate "2023.10.01"]
[SourceQuality "1"]

1. d4 d5 2. Nf3 e6 3. c4 c6 4. g3 dxc4 5. Ne5 b5 6. Bg2 Bb7 7. a4 Qc8 8. b3 cxb3 9. Qxb3 b4 10. a5 c5 11. dxc5 Bxg2 12. Rg1 Bd5 13. Qxb4 Nc6 14. Nxc6 Qxc6 15. Be3 Nf6 16. Nc3 Be7 17. Rb1 0-0 18. Bd4 h6 19. Be5 Bxc5 20. Qb5 Qxb5 21. Rxb5 Rac8 22. Bxf6 gxf6 23. Nxd5 exd5 24. e3 d4 25. e4 d3 26. Kd2 Rfd8 27. Rf1 Bxf2 28. Rxf2 Rc2+ 29. Ke3 Rxf2 30. Kxf2 d2 0-1

[Event "Titled Tuesday intern op 27th Feb Late"]
[Site "Chess.com INT"]
[Date "2024.02.27"]
[Round "2"]
[White "Gil Alba, Hector Luis"]
[Black "Ivanov, Aleksandr Y"]
[Result "0-1"]
[WhiteElo "2294"]
[BlackElo "2068"]
[PlyCount "56"]
[EventDate "2024.02.27"]
[EventType "swiss (blitz)"]
[EventRounds "11"]
[EventCountry "USA"]
[SourceTitle "CB10_2024"]
[SourceDate "2024.03.06"]
[SourceVersion "1"]
[SourceVersionDate "2024.03.06"]
[SourceQuality "1"]

1. e4 e6 2. d4 d5 3. Nd2 c5 4. Ngf3 cxd4 5. exd5 Qxd5 6. Bc4 Qd6 7. 0-0 Nf6 8. Nb3 Nc6 9. Nbxd4 Nxd4 10. Nxd4 a6 11. c3 Qc7 12. Bb3 Bd6 13. Re1 Bxh2+ 14. Kh1 Be5 15. Bg5 0-0 16. Nf3 Bf4 17. Bxf6 gxf6 18. Qd4 e5 19. Qe4 f5 20. Qb4 Be6 21. g3 Qc6 22. Kg2 Kh8 23. gxf4 Rg8+ 24. Kf1 Qxf3 25. Bd1 Qd3+ 26. Re2 Rad8 27. f3 Qxf3+ 28. Rf2 Rxd1+ 0-1

[Event "Titled Tuesday intern op 27th Feb Late"]
[Site "Chess.com INT"]
[Date "2024.02.27"]
[Round "10"]
[White "Ivanov, Aleksandr Y"]
[Black "Mesa Cruz, Juan Carlos"]
[Result "0-1"]
[WhiteElo "2068"]
[BlackElo "2126"]
[PlyCount "80"]
[EventDate "2024.02.27"]
[EventType "swiss (blitz)"]
[EventRounds "11"]
[EventCountry "USA"]
[SourceTitle "CB10_2024"]
[SourceDate "2024.03.06"]
[SourceVersion "1"]
[SourceVersionDate "2024.03.06"]
[SourceQuality "1"]

1. d4 Nf6 2. c4 e6 3. Nc3 Bb4 4. Qc2 0-0 5. a3 Bxc3+ 6. Qxc3 d5 7. Nf3 c5 8. Bg5 cxd4 9. Nxd4 dxc4 10. e3 e5 11. Nf3 Nc6 12. Rd1 Qe7 13. Bxc4 Bg4 14. h3 Bh5 15. g4 Bg6 16. 0-0 h6 17. Bh4 Rac8 18. b4 e4 19. Bxf6 gxf6 20. Nh4 Kg7 21. Qb3 Ne5 22. Be2 Rc7 23. Kh1 Rfc8 24. Rg1 Rc2 25. Nf5+ Bxf5 26. gxf5+ Kh8 27. Bh5 Rxf2 28. Qd5 Rcc2 29. Qd8+ Qxd8 30. Rxd8+ Kh7 31. Rgg8 Rf1+ 32. Rg1 Rff2 33. Rgg8 Rf1+ 34. Rg1 Rxg1+ 35. Kxg1 Nc4 36. Rd7 Nxe3 37. Rxf7+ Kh8 38. Rf8+ Kg7 39. Rf7+ Kg8 40. Rxf6 Rg2+ 0-1

[Event "Titled Tuesday intern op 27th Feb Late"]
[Site "Chess.com INT"]
[Date "2024.02.27"]
[Round "1"]
[White "Martin Fuentes, Alberto"]
[Black "Ivanov, Aleksandr Y"]
[Result "1-0"]
[WhiteElo "2369"]
[BlackElo "2068"]
[PlyCount "39"]
[EventDate "2024.02.27"]
[EventType "swiss (blitz)"]
[EventRounds "11"]
[EventCountry "USA"]
[SourceTitle "CB10_2024"]
[SourceDate "2024.03.06"]
[SourceVersion "1"]
[SourceVersionDate "2024.03.06"]
[SourceQuality "1"]

1. e4 e6 2. d4 d5 3. Nc3 Bb4 4. Bd2 dxe4 5. Qg4 Nf6 6. Qxg7 Rg8 7. Qh6 Qxd4 8. 0-0-0 Qxf2 9. Be3 Qf5 10. h3 Rg6 11. Qh4 Bxc3 12. bxc3 Nbd7 13. Ne2 b6 14. Nd4 Qa5 15. Nb5 Nd5 16. Rxd5 exd5 17. Nxc7+ Kf8 18. Qd8+ Kg7 19. Bd4+ Kh6 20. Qh4# 1-0

[Event "Titled Tuesday intern op 13th Feb Late"]
[Site "Chess.com INT"]
[Date "2024.02.13"]
[Round "9"]
[White "Fernandez, Maria Florencia"]
[Black "Ivanov, Aleksandr Y"]
[Result "1-0"]
[WhiteElo "2091"]
[BlackElo "2068"]
[PlyCount "51"]
[EventDate "2024.02.13"]
[EventType "swiss (blitz)"]
[EventRounds "11"]
[EventCountry "USA"]
[SourceTitle "CB08_2024"]
[SourceDate "2024.02.21"]
[SourceVersion "1"]
[SourceVersionDate "2024.02.21"]
[SourceQuality "1"]

1. d4 d5 2. c4 e6 3. Nc3 c6 4. Nf3 dxc4 5. a4 Bb4 6. e4 b5 7. Be2 Bb7 8. 0-0 a6 9. e5 h6 10. Ne4 Nd7 11. Bd2 Be7 12. Qe1 c5 13. Nd6+ Bxd6 14. exd6 Qb6 15. dxc5 Qxc5 16. Bb4 Qb6 17. axb5 axb5 18. Rxa8+ Bxa8 19. Qa1 Bxf3 20. Bxf3 Ngf6 21. Qa8+ Qb8 22. Qxb8+ Nxb8 23. Ra1 Kd7 24. Ra7+ Ke8 25. Re7+ Kf8 26. d7 1-0

[Event "Titled Tuesday intern op 13th Feb Early"]
[Site "Chess.com INT"]
[Date "2024.02.13"]
[Round "9"]
[White "Ivanov, Aleksandr Y"]
[Black "Abel Mathewos, Tilahun"]
[Result "1-0"]
[WhiteElo "2068"]
[BlackElo "1953"]
[PlyCount "69"]
[EventDate "2024.02.13"]
[EventType "swiss (blitz)"]
[EventRounds "11"]
[EventCountry "USA"]
[SourceTitle "CB08_2024"]
[SourceDate "2024.02.21"]
[SourceVersion "1"]
[SourceVersionDate "2024.02.21"]
[SourceQuality "1"]

1. d4 d5 2. c4 e6 3. Nc3 Nf6 4. cxd5 exd5 5. Bg5 c6 6. e3 Be7 7. Bd3 0-0 8. Qc2 Nbd7 9. Nge2 Re8 10. 0-0 Nf8 11. h3 Ne4 12. Bxe7 Qxe7 13. Bxe4 dxe4 14. d5 Bf5 15. Rfd1 cxd5 16. Nxd5 Qg5 17. Ng3 Rac8 18. Qa4 Bd7 19. Qb4 Rc2 20. Nxe4 Qf5 21. Ne7+ Rxe7 22. Qxe7 Bc6 23. f3 Qg6 24. g4 h5 25. Rd8 Kh7 26. Ng5+ Kh6 27. Nxf7+ Kh7 28. Rxf8 Rg2+ 29. Kxg2 Qc2+ 30. Kg3 h4+ 31. Kxh4 Qf2+ 32. Kh5 g6+ 33. Kg5 Qxe3+ 34. Qxe3 Kg7 35. Qe5+ 1-0

[Event "Titled Tuesday intern op 13th Feb Early"]
[Site "Chess.com INT"]
[Date "2024.02.13"]
[Round "4"]
[White "Ivanov, Aleksandr Y"]
[Black "Almeida Junior, Alvaro Alves de"]
[Result "0-1"]
[WhiteElo "2068"]
[BlackElo "2129"]
[PlyCount "56"]
[EventDate "2024.02.13"]
[EventType "swiss (blitz)"]
[EventRounds "11"]
[EventCountry "USA"]
[SourceTitle "CB08_2024"]
[SourceDate "2024.02.21"]
[SourceVersion "1"]
[SourceVersionDate "2024.02.21"]
[SourceQuality "1"]

1. d4 Nf6 2. c4 e6 3. Nc3 Bb4 4. e3 0-0 5. Bd3 c5 6. Nge2 d5 7. 0-0 Nc6 8. a3 Bxc3 9. bxc3 b6 10. cxd5 exd5 11. a4 Bg4 12. Qc2 Rc8 13. Qd2 Re8 14. Ba3 Bxe2 15. Bxe2 Ne4 16. Qb2 cxd4 17. cxd4 Na5 18. Bb5 Re6 19. Rac1 Nc4 20. Bxc4 dxc4 21. Qb5 Rg6 22. Qf5 Nd2 23. Rfd1 c3 24. h3 Rgc6 25. Bb4 a5 26. Bxc3 Nb3 27. d5 Nxc1 28. Qxc8 Rxc8 0-1

[Event "Titled Tuesday intern op 13th Feb Late"]
[Site "Chess.com INT"]
[Date "2024.02.13"]
[Round "1"]
[White "Lopusiewicz, Piotr"]
[Black "Ivanov, Aleksandr Y"]
[Result "1-0"]
[WhiteElo "2301"]
[BlackElo "2068"]
[PlyCount "115"]
[EventDate "2024.02.13"]
[EventType "swiss (blitz)"]
[EventRounds "11"]
[EventCountry "USA"]
[SourceTitle "CB08_2024"]
[SourceDate "2024.02.21"]
[SourceVersion "1"]
[SourceVersionDate "2024.02.21"]
[SourceQuality "1"]

1. d4 d5 2. c4 e6 3. Nf3 c6 4. e3 Nf6 5. Bd3 Nbd7 6. b3 Be7 7. 0-0 0-0 8. Bb2 b6 9. Nbd2 Bb7 10. Qe2 c5 11. Rfd1 Rc8 12. Rac1 Qc7 13. cxd5 exd5 14. dxc5 bxc5 15. Nd4 Qb8 16. Nf5 Rfe8 17. Nxe7+ Rxe7 18. Bb1 Ree8 19. Qd3 Qa8 20. Qf5 a5 21. Nf3 Qa6 22. Ng5 h6 23. Nh3 Qe6 24. Nf4 Qxf5 25. Bxf5 Rc7 26. Bxd7 Nxd7 27. Nxd5 Rcc8 28. Nc3 Ne5 29. Na4 Be4 30. Rxc5 Nd3 31. Rxc8 Rxc8 32. Bd4 Rc2 33. f3 Bg6 34. e4 Nb4 35. a3 Nc6 36. Bb2 f6 37. Rc1 Nd4 38. Rxc2 Nxc2 39. Kf2 Bf7 40. Nc5 Kf8 41. Ke2 a4 42. bxa4 Ke7 43. Kd2 Kd6 44. Nb7+ Kc7 45. Kxc2 Kxb7 46. Kc3 Kb6 47. Kb4 Ka6 48. Bd4 Be6 49. a5 g6 50. g4 f5 51. h3 fxe4 52. fxe4 h5 53. gxh5 gxh5 54. h4 Bd7 55. Bb6 Bc6 56. e5 Bd5 57. Kc5 Be6 58. Kd6 1-0

[Event "Titled Tuesday intern op 13th Feb Early"]
[Site "Chess.com INT"]
[Date "2024.02.13"]
[Round "3"]
[White "Porozhniak, Maya"]
[Black "Ivanov, Aleksandr Y"]
[Result "1-0"]
[WhiteElo "1863"]
[BlackElo "2068"]
[PlyCount "139"]
[EventDate "2024.02.13"]
[EventType "swiss (blitz)"]
[EventRounds "11"]
[EventCountry "USA"]
[SourceTitle "CB08_2024"]
[SourceDate "2024.02.21"]
[SourceVersion "1"]
[SourceVersionDate "2024.02.21"]
[SourceQuality "1"]

1. e4 e6 2. d4 d5 3. exd5 exd5 4. Qf3 Nf6 5. h3 Nc6 6. c3 Be7 7. Bd3 Be6 8. Ne2 Qd7 9. g4 h6 10. Be3 Bd6 11. Nd2 Ne7 12. Nf4 c6 13. 0-0-0 0-0-0 14. Kb1 Kb8 15. Nxe6 Qxe6 16. Rde1 Qd7 17. Bf4 Rhe8 18. Bxh6 Ne4 19. Bf4 Nxd2+ 20. Bxd2 f6 21. h4 Qc7 22. h5 Rh8 23. Re6 Nc8 24. Rhe1 Rdf8 25. Bf5 a6 26. b3 Ka7 27. Kb2 Rhg8 28. Bg6 Rh8 29. Qd3 Nb6 30. Be3 Ka8 31. Qd2 Rd8 32. f4 Rhf8 33. Rf1 Rh8 34. Qd3 Rdf8 35. g5 Rd8 36. gxf6 gxf6 37. f5 Bf8 38. Rxf6 Qe7 39. Re6 Qa3+ 40. Kb1 a5 41. Bg5 a4 42. Qc2 Rb8 43. Bf4 Rc8 44. b4 Nc4 45. Bc1 Bxb4 46. Bxa3 Nxa3+ 47. Kb2 Nxc2 48. Kxc2 Ba3 49. f6 Rcf8 50. f7 Ka7 51. Re8 Bd6 52. Rxf8 Bxf8 53. Re1 Kb6 54. Re8 Kc7 55. Kd3 Kd7 56. Rb8 b5 57. Rb7+ Kd6 58. Ra7 Ke6 59. Rc7 Kd6 60. Rc8 Kd7 61. Re8 Kd6 62. Ke2 a3 63. Kf3 Kd7 64. Kg4 Kd6 65. Kf5 Kd7 66. Kf6 Kd6 67. Rxf8 Rxf8 68. Kg7 Ke7 69. h6 b4 70. h7 1-0

[Event "Titled Tuesday intern op 13th Feb Late"]
[Site "Chess.com INT"]
[Date "2024.02.13"]
[Round "8"]
[White "Romero Ruscalleda, Josep"]
[Black "Ivanov, Aleksandr Y"]
[Result "1-0"]
[WhiteElo "2157"]
[BlackElo "2068"]
[PlyCount "89"]
[EventDate "2024.02.13"]
[EventType "swiss (blitz)"]
[EventRounds "11"]
[EventCountry "USA"]
[SourceTitle "CB08_2024"]
[SourceDate "2024.02.21"]
[SourceVersion "1"]
[SourceVersionDate "2024.02.21"]
[SourceQuality "1"]

1. e4 e6 2. d4 d5 3. e5 c5 4. c3 Nc6 5. Be3 b6 6. Nf3 Be7 7. Bd3 a5 8. 0-0 Ba6 9. Bxa6 Rxa6 10. Qa4 Qd7 11. Qc2 Ra8 12. a4 h5 13. Na3 Nh6 14. Nb5 Nf5 15. h3 0-0 16. g4 Nh4 17. Nxh4 Bxh4 18. f4 cxd4 19. cxd4 Nb4 20. Qe2 Be7 21. gxh5 Rac8 22. Rac1 Rc4 23. Rxc4 dxc4 24. Rc1 Nd5 25. Rxc4 Bb4 26. Bf2 Nxf4 27. Qf3 Qd5 28. Qxd5 Nxd5 29. Kg2 Be1 30. Nd6 Bxf2 31. Kxf2 Rb8 32. Kf3 Nb4 33. Rc7 Rf8 34. Ke4 Nd5 35. Rb7 Nb4 36. Rxb6 Nd5 37. Rb7 f6 38. Ra7 f5+ 39. Kf3 Rb8 40. Rb7 Rxb7 41. Nxb7 Kh7 42. Nxa5 Kh6 43. Nc6 Kxh5 44. a5 Nb4 45. Nxb4 1-0